Diplomacy in Islam (Record no. 787)

MARC details
000 -LEADER
fixed length control field 00659nam a2200241 a 4500
020 ## - INTERNATIONAL STANDARD BOOK NUMBER
ISBN
082 00 - DEWEY DECIMAL CLASSIFICATION NUMBER
Classification number 297.1977
Author Cutter IQB
100 ## - MAIN ENTRY--AUTHOR NAME
Author name Iqbal, Afzal
245 ## - TITLE STATEMENT
Title Diplomacy in Islam
Sub title an Essay on the Art of Negotiations as Conceived and De
260 ## - PUBLICATION, DISTRIBUTION, ETC. (IMPRINT)
Place of publication Lahore
Name of publisher Institute of Islamic Culture
Year of publication 1962
300 ## - PHYSICAL DESCRIPTION
Number of Pages 156p
500 ## - GENERAL NOTE
General note includes index and biblioraphy
505 2# - FORMATTED CONTENTS NOTE
Formatted contents note developed by the prophet of islam.
650 ## - SUBJECT ADDED ENTRY--TOPICAL TERM
Topical Term Islam and Politics
942 ## - ADDED ENTRY ELEMENTS (KOHA)
Koha item type Books
700 1# -
-- Iqbal, Afzal
Holdings
Collection code Home library Current library Date acquired Cost, normal purchase price Full call number Accession Number Koha item type
  Henry Martyn Institute Library Henry Martyn Institute Library 07/03/2007 100.00 297.1977 IQB 02140 Books
                   Copyright © 2026 | Henry Martyn Institute | Hyderabad | TS-500052 | INDIA | Implemented by hmi.edu.in
Hit-Count:

Powered by Koha